| 000 | 00505nam a2200193Ia 4500 | ||
|---|---|---|---|
| 008 | 170918s9999 xx 000 0 und d | ||
| 020 | _a9780590455084 | ||
| 050 | _bN971 1991 | ||
| 100 | _aNumeroff, Laura Joffe | ||
| 245 | _aIf you give a mouse a muffin / | ||
| 245 | _cby Laura Joffe Numeroff ; illustrated by Felicia Bond. | ||
| 260 | _aNew York : | ||
| 260 | _bScholastic, | ||
| 260 | _c1991 | ||
| 300 | _aunpaged : | ||
| 300 | _bcolored illustration ; | ||
| 300 | _c23cm. | ||
| 500 | _a590 | ||
| 999 |
_c343113 _d343113 |
||